000 00730nam a2200181 a 4500
001 817
003 CO-ViMGA
008 141112s2004 ck r 000 u spa d
040 _aCO-ViMGA
_bspa
_cCO-ViMGA
082 0 4 _a615.892 M655
100 1 _aMoller, Erwim
_948734
245 1 0 _aABC de la acupuntura :
_barte y ciencia de curar con agujas /
_cErwim Moller
260 _aMexico :
_bPanorama,
_c1994
300 _a141 p
505 _aLa medicina má antigua 11 - - Cómo actúa en su beneficio 21 - - La energía del cuerpo humano 31 - - Los 550 puntos de la salud 45 - - Las maravillas de una aguja 55 - - Los 12 meridianos 73 - - El tao del sexo 113 - - Más alla de la acupuntura 125
650 1 4 _aACUPUNTURA
942 _2ddc
_cBK
999 _c13053
_d13053